000 00234nam a22000857a 4500
008 160712b xxu||||| |||| 00| 0 eng d
100 _92658
_a Chatterjee, S
245 _aRead - Alowd Stories
260 _aNew Delhi
_bChildren Book Trust
_c2003
999 _c2311
_d2311